000
00327nam a2200157Ia 4500
005
20250425161017.0
008
250425s9999 xx 000 0 und d
041
_a
spa
082
_a
633.18
245
0
_a
EL ARROZ
250
_a
S.E.
260
_a
S.L.
260
_a
Sin Pais
_b
S.E.
_c
1980
942
_c
01
010
_a
10539
999
_c
200626
_d
200626